000 00824nam a2200289 a 4500
001 vtls001401910
003 NLI
005 20210627113003.0
008 121127s1961 enk 001 0 eng
039 9 _y201211272014
_zVLOAD
040 _aNLI
_beng
_cDatasoft_2012
_eAACR2
041 0 _aeng
044 _a enk
082 0 4 _a 553.2
100 1 _aFrancis, Wilfrid
_9975693
245 1 0 _aCoal :
_bits formation and composition /
_cby Wilfrid Francis
260 _aLondon :
_bEdward Arnold,
_cc1961
300 _aviii, 806 p. ;
_c23 cm.
500 _aIncludes index
650 0 _aCoal
_9679243
650 0 _aMines and mineral resources
_9679244
887 _a
901 _a339922
_b16.06.1961
902 _aS.T 553.2 F 847(1)
949 _AVIRTUAITEM
_D10000
_X100
_6PUR000339922ENG
942 _2ddc
_cBKS
999 _aVIRTUA40
_c856355
_d856355